000 00470nam a2200133Ia 4500
008 160809s9999 xx 000 0 und d
100 _aShoujian, Yu.
245 2 _aA Prefixed-Itemset-Based Improvement for Apriori Algorithm Full Text
245 _cYu Shoujian and Zhou Yiyang, Donghua University, China
260 _bComputer Science and Information Technology
260 _cJanuary 2016
650 _xINFORMATION TECHNOLOGY
856 _uhttp://airccse.org/V6N48.html
999 _c300024
_d300024